Les belles années / (Record no. 152536)

MARC details
000 -LEADER
campo de control de longitud fija 00494nam a22001575i 4500
001 - NÚMERO DE CONTROL
campo de control 152536
003 - IDENTIFICADOR DE NÚMERO DE CONTROL
campo de control ES-MaACL
005 - FECHA Y HORA DE LA ÚLTIMA TRANSACCIÓN
campo de control 20230906204802.0
008 - DATOS DE LONGITUD FIJA--INFORMACIÓN GENERAL
campo de control de longitud fija 051017s1868 fr | |||||||| ||fre d
040 ## - FUENTE DE CATALOGACIÓN
Centro catalogador/agencia de origen CAM
Lengua de catalogación spa
Centro/agencia transcriptor CAM
100 1# - ENTRADA PRINCIPAL--NOMBRE DE PERSONA
Nombre de persona Bourdon, Mathilde.
9 (RLIN) 30971
245 14 - MENCIÓN DEL TÍTULO
Título Les belles années /
Mención de responsabilidad, etc. par Mme. M. Bourdon.
260 ## - PUBLICACIÓN, DISTRIBUCIÓN, ETC.
Lugar de publicación, distribución, etc. Paris :
Nombre del editor, distribuidor, etc. P. Lethielleux,
Fecha de publicación, distribución, etc. 1868 (
Fabricante Typ. Rouge frères, Dunon et Fresnè)
300 ## - DESCRIPCIÓN FÍSICA
Extensión VIII, 277, 3 p. ;
Dimensiones 18 cm.
852 ## - LOCALIZACIÓN
Ubicación ES-MaACL
Número de control de estantería G-8569
Nota libre -- Enc. hol.
Holdings
Estatus retirado Estado de pérdida Estado de daño No para préstamo Colección Biblioteca de origen Biblioteca actual Ubicación en estantería Fecha de adquisición Fuente de adquisición Total de préstamos Signatura topográfica completa Código de barras Visto por última vez Precio de reemplazo Tipo de ítem Koha
        Libros del s. XIX Biblioteca del Ateneo de Madrid Biblioteca del Ateneo de Madrid Sala Pecera Planta 3 17/01/2008     G-8569 1159282 23/02/2023 23/02/2023 Libro impreso antiguo